Greek Mythology: God or Hero? - Statistics

General Stats
  • This quiz has been taken 708 times
  • The average score is 12 of 15
Answer Stats
Question Answer % Correct
Zeus God
99%
Hades God
98%
Ares God
97%
Hermes God
95%
Theseus Hero
93%
Hephaestus God
92%
Perseus Hero
92%
Odysseus Hero
92%
Jason Hero
90%
Nyx God
85%
Bellerophon Hero
74%
Hercules Both
72%
Atalanta Hero
67%
Asclepius Both
17%
Dionysus Both
11%
No matching quizzes found
Score Distribution
Percent of People with Each Score
Percentile by Number Answered
Your Score History
You have not taken this quiz